[Event "Aurora Summer op"]
[Site "Aurora"]
[Date "2013.07.06"]
[Round "2"]
[White "Gillis, Doug"]
[Black "Bozinoski, Tom"]
[Result "1-0"]
[WhiteElo "1614"]
[BlackElo "1686"]
[PlyCount "77"]
[EventDate "2013.07.06"]
[EventType "swiss"]
[EventRounds "5"]
[EventCountry "CAN"]
[SourceTitle "EXT 2022"]
[Source "ChessBase"]
[SourceDate "2021.10.06"]
[SourceVersion "1"]
[SourceVersionDate "2021.10.06"]
[SourceQuality "1"]

1. d4 d5 2. Nc3 Nf6 3. Bg5 Nbd7 4. Qd3 c6 5. Nf3 h6 6. Bd2 Qc7 7. e4 dxe4 8. Nxe4 e6 9. h3 a5 10. Be2 Be7 11. 0-0 b6 12. Rfe1 Ba6 13. Nxf6+ Nxf6 14. Qb3 Bxe2 15. Rxe2 0-0 16. Ne5 Nh7 17. Qg3 g5 18. h4 Kg7 19. hxg5 hxg5 20. Rae1 Ra7 21. f4 f6 22. Nd3 Bd6 23. Rxe6 Rf7 24. Qg4 Qd7 25. f5 Be7 26. R1e3 Qd5 27. Nf4 Qc4 28. c3 Kf8 29. Ng6+ Ke8 30. Qe4 Qd5 31. Qxd5 cxd5 32. Rxb6 Kd7 33. Rxe7+ Rxe7 34. Nxe7 Kxe7 35. b3 Kd7 36. Re6 Kc7 37. Re7+ Kb6 38. Rxa7 Kxa7 39. Kf2 1-0